000 00770nam a2200241 i 4500
001 47796
003 ES-MaACL
005 20250801094819.0
007 t|
008 030528s2001 sp |||| | spa j
020 _a84-477-0745-8
080 _a821.133.1.035=134.2
245 0 4 _aLos clásicos franceses en la España del siglo XX
_b: estudios de traducción y recepción /
_cFrancisco Lafarga & Antonio Domínguez (ed.).
250 _a1ª ed.
260 _aBarcelona :
_bPPU,
_c2001.
300 _a277 p ;
_c24 cm.
504 _aBibliografía.
650 7 _aLiteratura francesa-
_xTraducciones
_2
_9139052
700 1 _aLafarga, Francisco.
_969462
700 1 _aDomínguez Domínguez, Antonio.
_945208
852 _aES-MaACL
_jL-26395
999 _c47796
_d47796